| 000 | 00711cac a2200217 a 4500 | ||
|---|---|---|---|
| 003 | Co-PeBPM | ||
| 005 | 20240521191543.0 | ||
| 007 | ta | ||
| 008 | 231129s1982||||ck a||||||||||||| ||spa|| | ||
| 040 |
_aCo-PeBPM _bspa _cCo-PeBPM _erda |
||
| 082 | 0 | 4 |
_aR 636.109 Ch474m _222 |
| 100 |
_aCharlish, Anne _eautora |
||
| 245 | 0 |
_aUn mundo de caballos _c/ Anne Charlish; consultora de redacción Sally Gordon |
|
| 260 |
_aSuiza _b: Grolier International - Naturalis, _cc1982 |
||
| 264 | _aGrolier International-Naturalis. | ||
| 300 |
_a384 páginas _bfotografías a color _c34 centímetros |
||
| 500 | _aIncluye índice | ||
| 650 | 1 | 0 |
_aCaballos - Historia _2Lemb |
| 700 |
_aSally, Gordon _eRedacción |
||
| 942 |
_2ddc _cBK |
||
| 999 |
_c25869 _d25869 |
||